L'esprit et l'épouse /

Guardado en:
Bibliografiske detaljer
Hovedforfatter: Vonier, Dom Anscario (autor)
Format: Bog
Sprog:fransk
Udgivet: París, Francia : Editions du Cerf, 1947
Tags: Tilføj Tag
Ingen Tags, Vær først til at tagge denne postø!

MARC

LEADER 00000nam^a2200000^a^4500
001 000569110
005 20250521000000.0
009 20260526153023.619
037 |a Acervo ITESO - Biblioteca 
041 |a FRA 
091 |a FGM. 03694 
100 |a Vonier, Dom Anscario  |e (autor) 
245 1 1 |a L'esprit et l'épouse / 
264 1 |a París, Francia :  |b Editions du Cerf,  |c 1947 
300 |a 217 p. 
336 |a texto  |b txt  |2 rdacontenido 
337 |a sin mediación  |b n  |2 rdamedio 
338 |a volumen  |b nc  |2 rdasoporte 
649 |a XX 
910 |a Fondo Efraín González Morfín 
920 |a Impresos - Libros 
930 |a Fondos Especiales 
905 |a 130 
901 |a 0500392812  |b IT2  |c ESL  |i D91329  |u 20250521 
902 |a https://opac.biblio.iteso.mx/vufind/Record/000569110